guess the Taylor Swift song with no hints - Statistics

General Stats
  • This quiz has been taken 189 times
  • The average score is 67 of 140
Answer Stats
Answer % Correct
I
95%
a
91%
you
91%
love
87%
the
85%
me
83%
to
78%
be
75%
in
69%
it
68%
no
68%
was
67%
your
65%
my
64%
what
62%
of
61%
am
59%
this
57%
that
56%
I'm
52%
know
49%
like chorus
48%
back
47%
how
46%
just
44%
never
42%
down
41%
if
41%
time
41%
can't
39%
out
39%
would
39%
life
38%
now
38%
last
37%
only
37%
oh
36%
lost
35%
I'll
34%
right
34%
up
34%
mind
33%
much
33%
thought
31%
falling
30%
going
30%
hate
30%
make
30%
over
29%
feels
28%
turn
28%
whole
28%
thinking
27%
plane
26%
around
25%
free
24%
getting
24%
hurts
24%
break
23%
scared
22%
breathe
21%
elevators
21%
how'd
21%
smile
21%
trust
21%
labyrinth
20%
through
20%
uh
19%
bounce
16%
deep
16%
everybody
16%
fast
16%
rises
16%
expects
15%
raw
10%
No matching quizzes found
Score Distribution
Percent of People with Each Score
Percentile by Number Answered
Your Score History
You have not taken this quiz